Sports Quiz

Random Sports or MLB Quiz

Perfectly Average MLB Players Quiz Stats

 Plays Quiz not verified by Sporcle

Challenge
Share
Tweet
Embed
Score 0/30 Timer 15:00
0 Plays Today
Years Player % Correct
1999-14Alfonso Soriano
53.9%
1976-92Jim Gantner
45.5%
1999-12Carlos Lee
41.6%
1947-61Willie Jones
39.9%
1997-08Jose Vidro
39.3%
1981-94Steve Sax
36.5%
2005-16Melky Cabrera
35.4%
1976-91Garry Templeton
31.5%
2004-15Nick Swisher
31.5%
1997-08Richie Sexson
29.8%
2006-15Dan Uggla
29.8%
1980-97Tony Pena
27.5%
1965-82Lee May
24.2%
2001-13Brandon Inge
23%
1987-00Walt Weiss
23%
Years Player % Correct
1987-00Gregg Jefferies
22.5%
1999-12Adam Kennedy
21.9%
1962-76Tommy Harper
17.4%
1993-06Jeromy Burnitz
17.4%
1990-05Carlos Baerga
15.7%
1995-06Joe Randa
14.6%
1995-09Mark Loretta
14%
1973-84Bucky Dent
14%
1973-87Dan Driessen
12.4%
1988-01Darryl Hamilton
12.4%
1995-09Rich Aurilia
10.7%
1992-08Damion Easley
10.7%
1960-75Leo Cardenas
9.6%
1974-86Bruce Bochte
5.6%
1966-85Jay Johnstone
5.1%

You're not logged in!

Compare scores with friends on all Sporcle quizzes.
OR
Log In

You Might Also Like...

Show Comments

Extras

Top Quizzes Today


Score Distribution

Your Account Isn't Verified!

In order to create a playlist on Sporcle, you need to verify the email address you used during registration. Go to your Sporcle Settings to finish the process.

Report this User

Report this user for behavior that violates our Community Guidelines.

Details: